000 00454nam a22001697a 4500
003 OSt
008 260511b |||||||| |||| 00| 0 eng d
082 _a633.61891
_bP74E
100 _aPrasad, Saroj Kumar
245 _aEffect of Fertilizer Levels and Trash Mulch on Yield and Quality of Ratoon Sugarcane
260 _aPusa, Samastipur
_bRAU
_c1998
300 _a72P.
502 _bMsc.
_d1998
650 _aAgronomy
650 _aMsc.
942 _2ddc
_cT
999 _c50538
_d50538